The Last of Us Part II #1 - Statistics

General Stats
  • This quiz has been taken 30 times
  • The average score is 8 of 10
Answer Stats
Hint Answer % Correct
Name one of Ellie's companions Dina | Joel | Jesse
100%
What is one of the new "Infected" types introduced? Shamblers | The Rat King
88%
Who was the sniper you pursue on Day 3 in Seattle? Tommy
88%
Name one of the main locations featured in the game Jackson | Seattle | Seraphite Island | Santa Barbara
84%
What song does Ellie sing in the Valiant Music Shop? Take On Me
84%
What was the name of the Firefly who was going to do the surgery on Ellie? Dr. Jerry Anderson
76%
Who was Ellie's girlfriend before Dina? Cat
72%
The actress who voiced MJ (Spider-Man PS4) also voiced this character Abby Anderson
64%
What human group was located in Santa Barbara? The Rattlers
56%
What did Ellie plan to invite Joel over to do before his death? Watch a movie | Watch Curtis and Viper 2
48%
No matching quizzes found
Score Distribution
Percent of People with Each Score
Percentile by Number Answered
Your Score History
You have not taken this quiz